000 01116nam0a22003011 4500
001 RU\INFOCOMM_317\NLR\5000022457
005 20250614080327.0
035 _a(NLR Aleph) 010598692
090 _a10529231
_c10529231
100 _a20130321d1962 |||y0rusy50 ca
101 0 _aeng
102 _aRU
105 _ay z||||
200 1 _aSmall probability of the μ→e+y and μ→e+e+e processes and neutral currents in weak interactions
_fB. Pontecorvo
210 _aДубна
_d1962
215 _a5 с.
_cил.
_d29 см
225 1 _aˆ[‰Издания]
_fОбъед. ин-т ядерных исследований
_vЕ980
_fЛаборатория ядерных проблем
309 _aОтпеч. множит. аппаратом
320 _aБиблиогр.: с. 5
686 _aФз-125
_2rubbk
686 _aˆ[‰огр]
_2rubbk
700 1 _9z01790
_aPontekorvo
_bB. M.
_f1913-1993
_gBruno Maksimovič
_3RU\NLR\AUTH\770273978
_4570
790 1 _9z01700
_aPontecorvo
_bB.
_4070
801 1 _aRU
_bInfocomm
_c20130321
801 0 _aRU
_bINFOCOMM
_gPSBO
852 _aNLR
_jP11/3130
942 _cBOOK
980 _aNB